000 00373nam a2200133Ia 4500
005 20260328104335.0
008 260328s9999||||xx |||||||||||||| ||und||
100 _aCruz García, Omar
245 0 _aClara Porset Dumas :
_b reflexiones de Diseño /
_cOmar Cruz García
260 _bFacultad de Arquitectura
300 _a189 p.
650 _aDISEÑO INDUSTRIAL
942 _cBK
999 _c11854
_d11854